Research and Development in Slovakia from the Perspective of the Strategy Europe 2020

Dosiahnutie základných cieľov stratégie Európa 2020 zameraných na zvýšenie investícií do výskumu a vývoja na 3 percentá hrubého domáceho produktu. Analýza a porovnanie indikátorov vyjadrujúcich podiel hrubých domácich výdavkov na výskum a vývoj HDP Slovenska.

Gespeichert in:
Bibliographische Detailangaben
1. Verfasser: Duľová Spišáková, Emília, 1983-
Format: Buchkapitel
Sprache:Englisch
Schlagworte:
Tags: Tag hinzufügen
Keine Tags, Fügen Sie das erste Tag hinzu!

MARC

LEADER 00000nla a2200000 4500
001 0216328
005 20240502083543.0
041 0 |a eng 
044 |a RO 
245 1 0 |a Research and Development in Slovakia from the Perspective of the Strategy Europe 2020  |c Emília Duľová Spišáková 
520 |a Dosiahnutie základných cieľov stratégie Európa 2020 zameraných na zvýšenie investícií do výskumu a vývoja na 3 percentá hrubého domáceho produktu. Analýza a porovnanie indikátorov vyjadrujúcich podiel hrubých domácich výdavkov na výskum a vývoj HDP Slovenska. 
610 2 0 |a Slovensko 
610 2 0 |a Európska únia 
610 2 0 |a financovanie vývoja 
610 2 0 |a produkt domáci hrubý 
610 2 0 |a výskum 
610 2 0 |a vývoj 
610 2 0 |a efektívnosť výskumu 
610 2 0 |a spolupráca medzinárodná 
100 1 |a Duľová Spišáková, Emília, 1983-